Catálogo

cómo enseñar a hacer cosas con las palabras:. (Registro nro. 61395)

Detalles MARC
000 -LEADER
fixed length control field 00545nam a2200181 u 4500
001 - CONTROL NUMBER
control field 61395
005 - DATE AND TIME OF LATEST TRANSACTION
control field 20180714063018.0
008 - FIXED-LENGTH DATA ELEMENTS--GENERAL INFORMATION
fixed length control field 140825s2010 spa r 000 0 spa d
020 ## - INTERNATIONAL STANDARD BOOK NUMBER
International Standard Book Number 978-84-943-0655-8
100 1# - MAIN ENTRY--PERSONAL NAME
Personal name Lomas, Carlos
Relator term autor
245 10 - TITLE STATEMENT
Title cómo enseñar a hacer cosas con las palabras:.
250 ## - EDITION STATEMENT
Edition statement 2a. edición corregida y actualizada
264 #1 - PRODUCTION, PUBLICATION, DISTRIBUTION, MANUFACTURE, AND COPYRIGHT NOTICE
Place of production, publication, distribution, manufacture España
Name of producer, publisher, distributor, manufacturer Paidos
300 ## - PHYSICAL DESCRIPTION
Extent 411 paginas :
Other physical details 22 cm.
336 ## - CONTENT TYPE
Content type term texto
Source rdacontent
337 ## - MEDIA TYPE
Media type term sin mediación
Source rdamedia
338 ## - CARRIER TYPE
Carrier type term volumen
Source rdacarrier
Existencias
Withdrawn status Lost status Source of classification or shelving scheme Damaged status Not for loan Collection code Home library Current library Shelving location Date acquired Source of acquisition Total Checkouts Full call number Barcode Date last seen Date last checked out Price effective from Koha item type
    Dewey Decimal Classification     General Tehuacán Tehuacán Sala general 25/08/2014 Compra   407 LOM 509470 08/01/2025 23/02/2016 09/01/2015 Libro